[Event "World Cup U12 Prel"]
[Site "Tornelo INT"]
[Date "2021.08.06"]
[Round "4"]
[White "Plazas, Jacob"]
[Black "Prasanna Lokesh, Chandankhede"]
[Result "1-0"]
[WhiteElo "1483"]
[BlackElo "1131"]
[PlyCount "85"]
[EventDate "2021.08.06"]
[EventType "swiss (rapid)"]
[EventRounds "10"]
[EventCountry "NET"]
[SourceTitle "EXT 2025"]
[Source "ChessBase"]
[SourceDate "2024.10.14"]
[SourceVersion "1"]
[SourceVersionDate "2024.10.14"]
[SourceQuality "1"]

1. d4 d5 2. c4 c6 3. Nf3 Nf6 4. Nc3 Bf5 5. cxd5 cxd5 6. Qb3 Qd7 7. Ne5 Qc7 8. Nxd5 Nxd5 9. Qxd5 e6 10. Qb5+ Nc6 11. Nxc6 Qxc6 12. Qxc6+ bxc6 13. a3 Bd6 14. f3 e5 15. e4 Bg6 16. Be3 0-0 17. 0-0-0 a5 18. Bc4 Kh8 19. dxe5 Bxe5 20. Bd4 Bf4+ 21. Kb1 Rfd8 22. Bc3 Rxd1+ 23. Rxd1 Bc7 24. g3 Rd8 25. Rxd8+ Bxd8 26. Kc2 Kg8 27. Kd3 c5 28. Bb3 Kf8 29. Kc4 Bb6 30. Kb5 Ba7 31. Bxa5 f6 32. Bb6 Bb8 33. Bxc5+ Ke8 34. Bd5 Be5 35. b4 Kd8 36. a4 Be8+ 37. Bc6 Bf7 38. a5 Kc7 39. Bb6+ Kb8 40. a6 f5 41. a7+ Kc8 42. a8Q+ Bb8 43. Qb7# 1-0

[Event "World Cup U12 Prel"]
[Site "Tornelo INT"]
[Date "2021.08.06"]
[Round "10"]
[White "Prasanna Lokesh, Chandankhede"]
[Black "Sathish, Abinavah1"]
[Result "0-1"]
[WhiteElo "1131"]
[BlackElo "1259"]
[PlyCount "148"]
[EventDate "2021.08.06"]
[EventType "swiss (rapid)"]
[EventRounds "10"]
[EventCountry "NET"]
[SourceTitle "EXT 2025"]
[Source "ChessBase"]
[SourceDate "2024.10.14"]
[SourceVersion "1"]
[SourceVersionDate "2024.10.14"]
[SourceQuality "1"]

1. d4 d5 2. c4 c6 3. cxd5 cxd5 4. Nf3 Nf6 5. Nc3 Bf5 6. Bf4 e6 7. a3 a6 8. e3 Bd6 9. Bg3 Bxg3 10. hxg3 Qb6 11. Qd2 Nc6 12. Be2 Na5 13. Bd1 Nc4 14. Qe2 Qxb2 15. Qxb2 Nxb2 16. Be2 Nd3+ 17. Bxd3 Bxd3 18. Ne5 Bc4 19. Nxc4 dxc4 20. 0-0 0-0 21. Rab1 b5 22. Rfc1 Nd5 23. Kf1 Rfc8 24. Nxd5 exd5 25. Ke2 f5 26. Ra1 Kf7 27. f4 a5 28. a4 b4 29. Kd2 Rab8 30. Rab1 b3 31. Kc3 Rb4 32. Rh1 h6 33. Rh5 Kg6 34. g4 Rf8 35. g3 Rb6 36. Rh4 fxg4 37. Rxg4+ Kh7 38. Rh4 Re8 39. Kd2 Rbe6 40. Re1 Rc8 41. Kc3 Rb8 42. Rh2 Rb4 43. Rh5 Rd6 44. Rh2 Rxa4 45. Rb2 Rb4 46. Ra1 Rb5 47. Re2 Ra6 48. g4 a4 49. Kb2 Kg8 50. Ka3 c3 51. Rc1 c2 52. Rexc2 bxc2 53. Rxc2 Rb3+ 54. Ka2 Rxe3 55. Rc8+ Kh7 56. g5 hxg5 57. fxg5 a3 58. Rd8 Re2+ 59. Ka1 Rc6 60. Rb8 Rc1+ 61. Rb1 Rxb1+ 62. Kxb1 Re4 63. Ka2 Rxd4 64. Kxa3 Rg4 65. Kb3 Rxg5 66. Kc3 Rf5 67. Kd4 g5 68. Ke3 g4 69. Kd4 g3 70. Kc5 g2 71. Kb6 g1Q+ 72. Kb7 Rf6 73. Ka8 Qg7 74. Kb8 Rf8# 0-1